| 000 | 008650000a22002770004500 | ||
|---|---|---|---|
| 090 |
_aAR _b00046 |
||
| 245 | 1 | 0 | _aComparision of reserve selection algorithms using data on terrestrial vertebrates in Oregon |
| 650 | 1 | 4 |
_aSelección de áreas protegidas _992864 |
| 650 | 1 | 4 |
_aBiodiversidad _992204 |
| 650 | 1 | 4 |
_aEcología _992250 |
| 650 | 1 | 4 |
_aDistribución _992865 |
| 650 | 1 | 4 |
_aFauna _992594 |
| 651 | 4 |
_dOregon _pEstados Unidos _992749 |
|
| 041 | 0 | _aInglés | |
| 700 | 1 |
_aWilliams, Paul H. _992866 |
|
| 700 | 1 |
_aPolasky, Stephen _992867 |
|
| 700 | 1 |
_aCamm, Jeffrey D. _992868 |
|
| 700 | 1 |
_aHamilton, Richard _992869 |
|
| 700 | 1 |
_aHuso, Manuela _992870 |
|
| 700 | 1 |
_aKiester, A. Ross _992871 |
|
| 700 | 1 |
_aPressey, Robert L. _992872 |
|
| 700 | 1 |
_aSahr, Kevin _992873 |
|
| 100 | 1 |
_aCsuti, Blair _992874 |
|
| 942 | _cARTICULO | ||
| 773 | 1 |
_tPreprint _33 _q1-37 _d1995 |
|
| 999 |
_c9149 _d9149 |
||